| 000 | 01028nam0a2200301 i 4500 | ||
|---|---|---|---|
| 001 | RU\NLR\bibl\1889910 | ||
| 005 | 20240726054749.0 | ||
| 010 |
_a9785386039479 _95000 |
||
| 021 |
_aRU _b2012-19739 _91492 |
||
| 035 | _a(NLR Aleph) 001879607 | ||
| 090 |
_a2772603 _c2772603 |
||
| 100 | _a20120409d2012 u y0rusy50 ca | ||
| 101 | 1 |
_arus _cswe |
|
| 102 | _aRU | ||
| 105 | _aa ||||||||| | ||
| 200 | 1 |
_aТам - рыцарь Дракона _e[для среднего школьного возраста] _fЮ Сальмсон _g[пер. со швед. Е.Н. Хохловой] _gил.: Оса Экстрем |
|
| 210 |
_aМосква _cРИПОЛЛ-классик _d2012 |
||
| 215 |
_a112, [5] с. _cил. _d22 |
||
| 225 | 1 | _aРыцари драконов | |
| 686 | _aШ9(4Шв)62-4 | ||
| 700 | 1 |
_aСальмсон _bЮ _gЮ _4070 |
|
| 702 | 1 |
_aЭкстрем _bО. _gОса _4040 |
|
| 801 | 0 |
_aRU _bNLR _c20120409 _gRCR |
|
| 801 | 1 |
_aRU _bNLR _c20120409 |
|
| 942 | _cBOOK | ||
| 980 | _aNBR | ||